Представление документа в формате RUSMARC

ПолеНазваниеЗначение
  Тип записи a
  Библиографический уровень m
001 Контрольный номер RU/SLIB/B/208753547
005 Дата корректировки 20201206204142.4
010 Индекс ISBN __
d Цена 800-00
101 Язык документа __
a Язык текста rus
c Язык оригинала rus
200 Заглавие и сведения об ответственности 0_
a Заглавие Эдуард Францевич Направник и его современники
b Общее обозначение материала Текст
h Номер части Направник В. Э.
210 Выходные данные __
a Место издания Л.
c Издательство Музыка
d Дата издания 1991
215 Физическое описание __
a Объем 464 с.
c Иллюстрации/тип воспроизводства ил.
600 Персоналии __
a Персоналии (Фамилия) Направник, Э. Ф.
c Дополнение к имени композитор
f Даты 1839-1916
g Полное имя Эдуард Францевич
606 Тематические рубрики __
a Основная рубрика Музыка и зрелищные искусства
y Географическая подрубрика Россия
y Географическая подрубрика Санкт-Петербург
606 Тематические рубрики __
a Основная рубрика История музыки
z Хронологическая подрубрика 19 в.
z Хронологическая подрубрика 20 в. нач.
610 Ключевые слова __
a Ключевые слова дирижеры
a Ключевые слова музыкальная культура; современники; персоналии; музыкальные произведения; композиторы
686 Индексы других классификаций __
a Классификационный индекс 85.313(2)53-8
700 Автор __
a Фамилия Направник
b Имя В. Э.
4 Код отношения 070
801 Источник записи _0
a Страна RU
b Организация Муниципальное бюджетное учреждение культуры "Централизованная библиотечная система" г. Сургут (Центральная городская библиотека им. А. С. Пушкина)
g Правила каталогизации КиК/Уланова
801 Источник записи _1
a Страна RU
b Организация Муниципальное бюджетное учреждение культуры "Централизованная библиотечная система" г. Сургут (Центральная городская библиотека им. А. С. Пушкина)
g Правила каталогизации КиК/Уланова
852 Данные о местонахождении __
j Шифр хранения 85.313(2)53-8
c Каталожный индекс 85.313(2)1
i Авторский знак Н 27
p Инвентарный номер 51585
901 Тип документа __
t Тип документа m
903 Характеристики (МАРС) __
a Дата передачи 20100409
990 Данные о заказе (DOS) __
j Количество экземпляров (DOS) 1